[Event "Cheliabinsk EKRO Cup 11th"]
[Site "Cheliabinsk"]
[Date "2012.05.09"]
[Round "8"]
[White "Barkov, Alexey"]
[Black "Matsenko, Vadim"]
[Result "1/2-1/2"]
[WhiteElo "2080"]
[BlackElo "2176"]
[PlyCount "39"]
[EventDate "2012.05.02"]
[EventType "swiss"]
[EventRounds "9"]
[EventCountry "RUS"]
[SourceTitle "CBM 148 Extra"]
[Source "ChessBase"]
[SourceDate "2012.06.22"]
[SourceVersion "1"]
[SourceVersionDate "2012.06.22"]
[SourceQuality "1"]

1. e4 c5 2. f4 Nc6 3. Nc3 g6 4. Nf3 Bg7 5. Bc4 e6 6. 0-0 Nge7 7. d3 0-0 8. a4 d5 9. Ba2 a6 10. Bb1 b6 11. Qe1 Nd4 12. Nxd4 cxd4 13. Ne2 dxe4 14. dxe4 Bb7 15. Ng3 Rc8 16. Ra3 f5 17. Rf2 fxe4 18. Nxe4 Bd5 19. Ng5 Nf5 20. Rh3 1/2-1/2

[Event "Cheliabinsk Kibizov Memorial 5th"]
[Site "Cheliabinsk"]
[Date "2010.07.02"]
[Round "9"]
[White "Shurunov, Andrei"]
[Black "Barkov, Alexey"]
[Result "1-0"]
[WhiteElo "1902"]
[BlackElo "2106"]
[PlyCount "71"]
[EventDate "2010.06.24"]
[EventType "swiss"]
[EventRounds "9"]
[EventCountry "RUS"]
[SourceTitle "EXT 2012"]
[Source "ChessBase"]
[SourceDate "2011.11.24"]
[SourceVersion "1"]
[SourceVersionDate "2011.11.24"]
[SourceQuality "1"]

1. d4 Nf6 2. Nf3 c5 3. e3 g6 4. c4 cxd4 5. exd4 d5 6. Nc3 Bg7 7. Be3 0-0 8. Bd3 dxc4 9. Bxc4 Nbd7 10. 0-0 Nb6 11. Bb3 Nbd5 12. Ne5 Be6 13. Rc1 Rc8 14. Qf3 Qa5 15. Nxd5 Bxd5 16. Bxd5 Qxd5 17. h3 Qxf3 18. Nxf3 Nd5 19. a3 Rfd8 20. Rfd1 e6 21. b4 Nc3 22. Rd2 Rc4 23. Rdc2 Rdc8 24. Kf1 b5 25. Nd2 R4c7 26. Ne4 Nd5 27. Rc5 Rxc5 28. Rxc5 Rxc5 29. dxc5 Bb2 30. c6 Bxa3 31. Nf6+ Kf8 32. Nxd5 Ke8 33. Nc7+ Kd8 34. Nxb5 Bxb4 35. Bxa7 Kc8 36. Bb6 1-0

[Event "Cheliabinsk Kibizov Memorial 5th"]
[Site "Cheliabinsk"]
[Date "2010.07.01"]
[Round "8"]
[White "Barkov, Alexey"]
[Black "Krotiuk, Daria"]
[Result "0-1"]
[WhiteElo "2106"]
[BlackElo "1808"]
[PlyCount "80"]
[EventDate "2010.06.24"]
[EventType "swiss"]
[EventRounds "9"]
[EventCountry "RUS"]
[SourceTitle "EXT 2012"]
[Source "ChessBase"]
[SourceDate "2011.11.24"]
[SourceVersion "1"]
[SourceVersionDate "2011.11.24"]
[SourceQuality "1"]

1. d4 Nf6 2. Nf3 d5 3. g3 e6 4. Bg2 Nbd7 5. 0-0 Be7 6. b3 0-0 7. Bb2 Ne4 8. c4 c6 9. Nbd2 f5 10. Qc2 Qe8 11. e3 Rf6 12. Ne5 Nxd2 13. Qxd2 Rh6 14. Nd3 g5 15. f3 Qh5 16. Bh1 Bd6 17. Qf2 Nf6 18. Rae1 Bd7 19. Ne5 Rf8 20. c5 Bc7 21. e4 dxe4 22. fxe4 Bxe5 23. Bf3 Bxg3 24. Qxg3 Qh4 25. exf5 Qxg3+ 26. hxg3 exf5 27. b4 g4 28. Bg2 Nh5 29. d5 Nxg3 30. d6 Nxf1 31. Bxf1 Re8 32. Bc4+ Kf8 33. Rf1 Rh3 34. Bf6 Ree3 35. Rb1 Reg3+ 36. Kf2 f4 37. Be7+ Kg7 38. Rb3 Rh2+ 39. Kf1 Rxb3 40. axb3 g3 0-1

[Event "Cheliabinsk Kibizov Memorial 5th"]
[Site "Cheliabinsk"]
[Date "2010.06.27"]
[Round "4"]
[White "Barkov, Alexey"]
[Black "Sofyin, Pavel"]
[Result "1-0"]
[WhiteElo "2106"]
[BlackElo "1992"]
[PlyCount "79"]
[EventDate "2010.06.24"]
[EventType "swiss"]
[EventRounds "9"]
[EventCountry "RUS"]
[SourceTitle "EXT 2012"]
[Source "ChessBase"]
[SourceDate "2011.11.24"]
[SourceVersion "1"]
[SourceVersionDate "2011.11.24"]
[SourceQuality "1"]

1. e4 e6 2. d4 d5 3. Nd2 dxe4 4. Nxe4 Nd7 5. Nf3 Be7 6. Bd3 Ngf6 7. Qe2 c5 8. Nxf6+ Bxf6 9. d5 Nb6 10. Bb5+ Kf8 11. dxe6 Bxe6 12. 0-0 c4 13. Be3 Rc8 14. Rad1 Qc7 15. Nd4 Bxd4 16. Bxd4 Nd5 17. c3 Nf4 18. Qd2 f6 19. Rfe1 Kf7 20. Ba4 Nd3 21. Re3 Qa5 22. Bc2 Nf4 23. Rf3 Nd5 24. Rg3 Qc7 25. Be4 Nf4 26. Bxb7 Nh3+ 27. gxh3 Qxb7 28. Rxg7+ Kxg7 29. Qg5+ Kf8 30. Qxf6+ Qf7 31. Qxh8+ Qg8+ 32. Qxg8+ Kxg8 33. a3 Bxh3 34. f4 Kf7 35. Kf2 Rg8 36. Ke3 Rg2 37. Rd2 Rxd2 38. Kxd2 a5 39. Ke3 Ke6 40. Bb6 1-0

[Event "Cheliabinsk Winter op"]
[Site "Cheliabinsk"]
[Date "2009.11.30"]
[Round "2"]
[White "Smetanin, Anatoly1111"]
[Black "Barkov, Alexey"]
[Result "0-1"]
[WhiteElo "1820"]
[BlackElo "2079"]
[PlyCount "79"]
[EventDate "2009.11.30"]
[EventType "swiss"]
[EventRounds "9"]
[EventCountry "RUS"]
[SourceTitle "EXT 2012"]
[Source "ChessBase"]
[SourceDate "2011.11.24"]
[SourceVersion "1"]
[SourceVersionDate "2011.11.24"]
[SourceQuality "1"]

1. d4 d5 2. c4 e6 3. Nc3 c6 4. e3 Nf6 5. Nf3 Nbd7 6. Bd3 dxc4 7. Bxc4 b5 8. Bd3 Bb7 9. a3 a6 10. b4 a5 11. bxa5 Rxa5 12. Bb2 Qa8 13. Qb3 b4 14. Ne4 Nxe4 15. Bxe4 bxa3 16. Bc3 Rb5 17. Qc4 Bd6 18. 0-0 0-0 19. Rfb1 Re8 20. Bc2 Rh5 21. h3 c5 22. Bd1 Be4 23. Rb5 Bd5 24. Qe2 Rh6 25. Ne1 Qc6 26. Ra5 cxd4 27. Bxd4 Bc4 28. Qf3 Bd5 29. Qe2 e5 30. Ba4 Qc8 31. Rxd5 exd4 32. Rxd4 Rd8 33. Bxd7 Rxd7 34. Qd3 Rg6 35. Kf1 h6 36. e4 Qc5 37. Rxa3 Rb7 38. Ra8+ Kh7 39. Rd5 Qc1 40. Qd1 0-1

[Event "Cheliabinsk op 08"]
[Site "Cheliabinsk"]
[Date "2009.08.10"]
[Round "3"]
[White "Kholopov, Alexander A"]
[Black "Barkov, Alexey"]
[Result "1/2-1/2"]
[WhiteElo "2267"]
[BlackElo "2039"]
[PlyCount "50"]
[EventDate "2009.08.08"]
[EventType "swiss"]
[EventRounds "9"]
[EventCountry "RUS"]
[SourceTitle "CBM 132 Extra"]
[Source "ChessBase"]
[SourceDate "2009.11.03"]
[SourceVersion "1"]
[SourceVersionDate "2009.11.03"]
[SourceQuality "1"]

1. c4 Nf6 2. Nc3 e6 3. e4 d5 4. e5 d4 5. exf6 dxc3 6. bxc3 Qxf6 7. Nf3 c5 8. d4 h6 9. Bd3 Nc6 10. 0-0 Bd6 11. Be3 Bd7 12. dxc5 Bc7 13. Rb1 Rb8 14. Nd4 a6 15. f4 0-0 16. Be4 Na5 17. Rb4 Rfd8 18. Qh5 Be8 19. g4 Qe7 20. g5 Qxc5 21. Qh3 Qe7 22. gxh6 g6 23. h7+ Kh8 24. Qh6 Bd6 25. f5 Qf8 1/2-1/2

[Event "Cheliabinsk op 02"]
[Site "Cheliabinsk"]
[Date "2009.03.07"]
[Round "8"]
[White "Barkov, Alexey"]
[Black "Konin, Viacheslav"]
[Result "0-1"]
[WhiteElo "2029"]
[BlackElo "2062"]
[PlyCount "123"]
[EventDate "2009.02.28"]
[EventType "swiss"]
[EventRounds "9"]
[EventCountry "RUS"]
[SourceTitle "CBM 129 Extra"]
[Source "ChessBase"]
[SourceDate "2009.05.05"]
[SourceVersion "2"]
[SourceVersionDate "2009.05.20"]
[SourceQuality "1"]

1. d4 f5 2. Nf3 Nf6 3. c4 g6 4. Nc3 Bg7 5. g3 d6 6. Bg2 c6 7. 0-0 0-0 8. d5 e5 9. dxe6 Bxe6 10. Qb3 b5 11. Nd2 bxc4 12. Nxc4 Nbd7 13. Na4 d5 14. Nd2 Re8 15. Qc2 Ne5 16. Nc5 Bf7 17. b4 a5 18. Rb1 Ne4 19. Nb7 Qb6 20. Nxe4 fxe4 21. Nxa5 c5 22. Nb3 cxb4 23. Be3 Qa6 24. Nc1 Nc4 25. Rxb4 Nxe3 26. fxe3 Rec8 27. Qb1 Bh6 28. Qb3 Qa3 29. Rb7 Bxe3+ 30. Kh1 Qxb3 31. Nxb3 Ra7 32. Rxa7 Bxa7 33. Rc1 Rxc1+ 34. Nxc1 Kg7 35. Bh3 Kf6 36. Kg2 Ke5 37. Nb3 Kd6 38. Kf1 Kc6 39. Bg2 g5 40. h3 h5 41. Ke1 g4 42. hxg4 hxg4 43. Kd2 Bf2 44. Kc3 Bxg3 45. Kd4 Kd6 46. a4 Be8 47. a5 Bb5 48. Ke3 Be5 49. Nd2 Bc6 50. Nb3 Ba4 51. Nd4 Bxd4+ 52. Kxd4 Bb5 53. Ke3 g3 54. Kf4 Bxe2 55. Kxg3 Ke5 56. Kf2 Ba6 57. Ke3 d4+ 58. Kf2 Kf4 59. Bf1 e3+ 60. Ke1 d3 61. Be2 Ke4 62. Bh5 0-1

[Event "Cheliabinsk Cup 7th"]
[Site "Cheliabinsk"]
[Date "2009.??.??"]
[Round "?"]
[White "Barkov, Alexey"]
[Black "Matiushinsky, Vladimir"]
[Result "1-0"]
[WhiteElo "2049"]
[BlackElo "2029"]
[PlyCount "86"]
[EventDate "2009.??.??"]
[EventType "swiss"]
[EventRounds "9"]
[EventCountry "RUS"]
[SourceTitle "EXT 2012"]
[Source "ChessBase"]
[SourceDate "2011.11.24"]
[SourceVersion "1"]
[SourceVersionDate "2011.11.24"]
[SourceQuality "1"]

1. d4 Nf6 2. Nf3 d5 3. c4 e6 4. Nc3 c6 5. Bg5 Be7 6. e3 Ne4 7. Bxe7 Qxe7 8. Bd3 f5 9. 0-0 0-0 10. Rc1 Nd7 11. Qe2 Kh8 12. b3 g5 13. Nd2 Ndf6 14. f3 Nxc3 15. Rxc3 Qg7 16. Kh1 Bd7 17. Rcc1 Qh6 18. e4 Nh5 19. Kg1 Nf4 20. Qe3 g4 21. Rce1 Rg8 22. fxg4 Rxg4 23. g3 Nh3+ 24. Kh1 Qxe3 25. Rxe3 dxe4 26. Be2 Rg7 27. b4 a5 28. Ra3 a4 29. c5 e5 30. dxe5 Ng5 31. Nc4 Be6 32. Nb6 Rd8 33. Nxa4 Rd2 34. Nc3 Rgd7 35. Rb1 Rc2 36. Rd1 Rxd1+ 37. Bxd1 Rd2 38. Be2 e3 39. Kg1 Rb2 40. Kg2 Rxb4 41. h4 Nf7 42. Kf3 Nxe5+ 43. Kxe3 Kg7 1-0

[Event "Cheliabinsk Cup 7th"]
[Site "Cheliabinsk"]
[Date "2009.??.??"]
[Round "?"]
[White "Kozlov, Konstantin1111"]
[Black "Barkov, Alexey"]
[Result "1/2-1/2"]
[WhiteElo "2301"]
[BlackElo "2049"]
[PlyCount "55"]
[EventDate "2009.??.??"]
[EventType "swiss"]
[EventRounds "9"]
[EventCountry "RUS"]
[SourceTitle "EXT 2012"]
[Source "ChessBase"]
[SourceDate "2011.11.24"]
[SourceVersion "1"]
[SourceVersionDate "2011.11.24"]
[SourceQuality "1"]

1. e4 c5 2. Nf3 e6 3. b3 d6 4. Bb2 Nf6 5. e5 dxe5 6. Nxe5 Nbd7 7. Qf3 Nxe5 8. Bxe5 Qd5 9. Qxd5 Nxd5 10. Nc3 Nxc3 11. dxc3 Bd7 12. 0-0-0 0-0-0 13. Bc4 Rg8 14. Bd3 h5 15. Bh7 Rh8 16. Be4 h4 17. h3 f6 18. Bh2 Be7 19. Rhe1 e5 20. f4 f5 21. Rxd7 Kxd7 22. Bxf5+ Kc6 23. fxe5 b5 24. Be4+ Kb6 25. Kb2 Rhf8 26. c4 b4 27. Bd5 Rf5 28. Be4 1/2-1/2

[Event "Cheliabinsk-ch sf"]
[Site "Cheliabinsk"]
[Date "2007.12.18"]
[Round "5"]
[White "Barkov, Alexey"]
[Black "Sotnikov, Alexander I"]
[Result "0-1"]
[WhiteElo "2027"]
[BlackElo "2241"]
[PlyCount "62"]
[EventDate "2007.12.03"]
[EventType "swiss"]
[EventRounds "9"]
[EventCountry "RUS"]
[SourceTitle "EXT 2022"]
[Source "ChessBase"]
[SourceDate "2021.10.06"]
[SourceVersion "1"]
[SourceVersionDate "2021.10.06"]
[SourceQuality "1"]

1. e4 c5 2. Nf3 b6 3. d4 cxd4 4. Nxd4 Bb7 5. Nc3 Nc6 6. Be3 Nf6 7. Nxc6 dxc6 8. e5 Qxd1+ 9. Rxd1 Nd7 10. e6 fxe6 11. Bc4 e5 12. Be6 Nf6 13. g4 Bc8 14. Bxc8 Rxc8 15. f3 g6 16. 0-0 Bg7 17. Rf2 Rd8 18. Rfd2 Rxd2 19. Rxd2 Rf8 20. Kg2 e4 21. Nxe4 Nxe4 22. fxe4 Bxb2 23. Rd3 Be5 24. a4 Bf4 25. Bf2 Bxh2 26. Rh3 Be5 27. Rxh7 Rh8 28. Rxh8+ Bxh8 29. a5 bxa5 30. Bxa7 a4 31. Bc5 Bb2 0-1

[Event "Moscow Victory Cup"]
[Site "Moscow"]
[Date "2007.05.12"]
[Round "9"]
[White "Gerasimov, Nikolay P"]
[Black "Barkov, Alexey"]
[Result "0-1"]
[WhiteElo "1658"]
[BlackElo "1985"]
[PlyCount "28"]
[EventDate "2007.05.03"]
[EventType "swiss"]
[EventRounds "9"]
[EventCountry "RUS"]
[SourceTitle "EXT 2008"]
[Source "ChessBase"]
[SourceDate "2007.11.25"]
[SourceVersion "1"]
[SourceVersionDate "2007.11.25"]
[SourceQuality "1"]

1. d4 Nf6 2. c4 c5 3. d5 b5 4. Bg5 Ne4 5. Bh4 g5 6. f3 Qa5+ 7. Nc3 Nxc3 8. bxc3 Qxc3+ 9. Kf2 gxh4 10. e3 Bh6 11. f4 d6 12. cxb5 Rg8 13. Ne2 Qf6 14. Qc2 Qxa1 0-1

[Event "Moscow Victory Cup"]
[Site "Moscow"]
[Date "2007.05.10"]
[Round "7"]
[White "Barkov, Alexey"]
[Black "Smirnov, Boris"]
[Result "1/2-1/2"]
[WhiteElo "1985"]
[BlackElo "2216"]
[PlyCount "20"]
[EventDate "2007.05.03"]
[EventType "swiss"]
[EventRounds "9"]
[EventCountry "RUS"]
[SourceTitle "EXT 2008"]
[Source "ChessBase"]
[SourceDate "2007.11.25"]
[SourceVersion "1"]
[SourceVersionDate "2007.11.25"]
[SourceQuality "1"]

1. e4 c5 2. Nf3 d6 3. d4 cxd4 4. Nxd4 Nf6 5. Nc3 g6 6. Be3 Bg7 7. f3 0-0 8. Qd2 Nc6 9. Bc4 Bd7 10. 0-0-0 Qa5 1/2-1/2

[Event "Moscow Victory Cup"]
[Site "Moscow"]
[Date "2007.05.05"]
[Round "3"]
[White "Barkov, Alexey"]
[Black "Geshelin, Yuri"]
[Result "1/2-1/2"]
[WhiteElo "1985"]
[BlackElo "2079"]
[PlyCount "29"]
[EventDate "2007.05.03"]
[EventType "swiss"]
[EventRounds "9"]
[EventCountry "RUS"]
[SourceTitle "EXT 2008"]
[Source "ChessBase"]
[SourceDate "2007.11.25"]
[SourceVersion "1"]
[SourceVersionDate "2007.11.25"]
[SourceQuality "1"]

1. e4 e6 2. d4 d5 3. Nd2 Nf6 4. e5 Nfd7 5. Bd3 c5 6. c3 Nc6 7. Ne2 cxd4 8. cxd4 f6 9. exf6 Nxf6 10. 0-0 Bd6 11. Nf3 0-0 12. Bf4 Bxf4 13. Nxf4 Ne4 14. Qc1 Qf6 15. Nh5 1/2-1/2

[Event "Moscow Victory Cup"]
[Site "Moscow"]
[Date "2007.05.03"]
[Round "1"]
[White "Barkov, Alexey"]
[Black "Korostelev, Stanislav"]
[Result "1/2-1/2"]
[WhiteElo "1985"]
[BlackElo "2187"]
[PlyCount "35"]
[EventDate "2007.05.03"]
[EventType "swiss"]
[EventRounds "9"]
[EventCountry "RUS"]
[SourceTitle "EXT 2008"]
[Source "ChessBase"]
[SourceDate "2007.11.25"]
[SourceVersion "1"]
[SourceVersionDate "2007.11.25"]
[SourceQuality "1"]

1. e4 c5 2. c3 d6 3. f4 Nc6 4. Bb5 Bd7 5. Nf3 g6 6. 0-0 Bg7 7. Bxc6 Bxc6 8. d3 Nf6 9. Qe1 Qc7 10. a4 e6 11. Kh1 a6 12. a5 0-0 13. Qh4 Rae8 14. Be3 Nd7 15. d4 f5 16. dxc5 Nxc5 17. Bxc5 dxc5 18. e5 1/2-1/2